| 000 | 01029nam a22002417a 4500 | ||
|---|---|---|---|
| 999 |
_c11390 _d11390 |
||
| 003 | AR-CdUCM | ||
| 008 | 190403b ||||| |||| 00| 0 spa d | ||
| 040 |
_aMUNICIPALIDAD PROVINCIAL DEL CUSCO _cBIBLIOTECA MUNICIPAL DEL CUSCO |
||
| 041 | _hita | ||
| 082 |
_a364 / _bG25 |
||
| 100 |
_aGarófalo, Raffaelle,barone, _928723 |
||
| 245 |
_aLa criminología : _bestudio sobre el delito y sobre la teoría de la represión / |
||
| 260 |
_aMadrid : _bLa España moderna, |
||
| 300 |
_a474 paginas ; _c25 cm. |
||
| 440 |
_aBiblioteca de jurisprudencia, filosofía e historia _928377 |
||
| 505 | _aContenido : El delito -- El sentido moral, su evolución -- Criticas a la definición del delito natural -- El delincuente -- Influencias económicas -- Influencia de las leyes -- La ley de adaptación... | ||
| 650 |
_aDelitos cometidos _928724 |
||
| 650 |
_aAgresiones fisicas _928725 |
||
| 650 |
_aHomicidio bajo palabra _928726 |
||
| 700 |
_aDorado Montero, Pedro (Traductor) _928588 |
||
| 942 |
_2ddc _cLIBROS |
||
| 945 | _awnts | ||